<?xml version="1.0" encoding="UTF-8"?>
<collection xmlns="http://www.loc.gov/MARC21/slim">
 <record>
  <leader>00618pamaa2200181   4500</leader>
  <controlfield tag="001">0000042956</controlfield>
  <controlfield tag="005">20071114090000.0</controlfield>
  <controlfield tag="008">071114                             eng  </controlfield>
  <datafield tag="020" ind1="0" ind2="0">
   <subfield code="a">nil </subfield>
  </datafield>
  <datafield tag="090" ind1="0" ind2="0">
   <subfield code="a">QD33 </subfield>
   <subfield code="b">CHE 2003</subfield>
  </datafield>
  <datafield tag="100" ind1="1" ind2="0">
   <subfield code="a">Stanley </subfield>
  </datafield>
  <datafield tag="245" ind1="1" ind2="0">
   <subfield code="a">CHEMISTRY Australia 2 : </subfield>
   <subfield code="b">A foundation chemistry course for year 11 students, including IB  </subfield>
   <subfield code="c">Raymond J. Stanley...(et. all).</subfield>
  </datafield>
  <datafield tag="250" ind1="0" ind2="0">
   <subfield code="a">2nd ed.</subfield>
  </datafield>
  <datafield tag="260" ind1="0" ind2="0">
   <subfield code="a">South Australia: </subfield>
   <subfield code="b">Enterprise press, </subfield>
   <subfield code="c">2003.</subfield>
  </datafield>
  <datafield tag="300" ind1=" " ind2=" ">
   <subfield code="a">vi, 378p: </subfield>
   <subfield code="b">ill.; </subfield>
   <subfield code="c">28 cm.</subfield>
  </datafield>
  <datafield tag="504" ind1="0" ind2="0">
   <subfield code="a">Includes bibliographical references and index</subfield>
  </datafield>
  <datafield tag="650" ind1="0" ind2="0">
   <subfield code="a">Chemistry </subfield>
  </datafield>
  <datafield tag="901" ind1=" " ind2=" ">
   <subfield code="u">http://www.enterprisepress.com.au</subfield>
  </datafield>
 </record>
</collection>
